| 000 | 00721nam a22001577a 4500 | ||
|---|---|---|---|
| 003 | OSt | ||
| 005 | 20160106144556.0 | ||
| 008 | 160106b xxu||||| |||| 00| 0 eng d | ||
| 040 | _cRUA | ||
| 082 | _aLMA NEA 2011 B310 Or.1 | ||
| 100 |
_96139 _aNEAK, CVANSOS. |
||
| 245 | _aStudy on land market from year 2000-2010 at kampong samnanh commune takhmao town kandal province, ការសិក្សាពីទីផ្សារដីធ្លីចាប់ពីឆ្នាំ២០០០-២០១០ នៅសង្កាត់កំពង់សំនាញ់ក្រុងតាខ្មៅ ខេត្តកណ្ដាល | ||
| 260 |
_aPhnom Penh _bRUA _c2011 |
||
| 300 |
_axi; 54p. _bill. _c29cm. |
||
| 942 |
_2ddc _cLMA |
||
| 999 |
_c5720 _d5720 |
||